[Event "Colombia Tierra de Atletas-B 2020"]
[Site "Medellin"]
[Date "2020.12.13"]
[Round "5.2"]
[White "Argote Heredia, Valentina"]
[Black "Heredia Serrano, Carla"]
[Result "0-1"]
[WhiteElo "2150"]
[BlackElo "2114"]
[Annotator "NA"]
[PlyCount "52"]
[EventDate "2020.12.10"]
[EventType "tourn"]
[EventCountry "COL"]
[SourceTitle "playchess.com"]
[Source "ChessBase"]
[SourceQuality "1"]
[TimeControl "40/5400+30:1800+30"]

1. e4 {[%emt 0:00:51]} c6 {[%emt 0:05:39]} 2. d4 {[%emt 0:00:21]} d5 {[%emt 0:00:07]} 3. Nc3 {[%emt 0:00:07]} dxe4 {[%emt 0:00:04]} 4. Nxe4 {[%emt 0:00:06]} Bf5 {[%emt 0:00:02]} 5. Ng3 {[%emt 0:00:08]} Bg6 {[%emt 0:00:04]} 6. h4 {[%emt 0:00:07]} h6 {[%emt 0:00:04]} 7. Nh3 {[%emt 0:00:11]} e6 {[%emt 0:00:13]} 8. Nf4 {[%emt 0:03:11]} Bh7 {[%emt 0:00:05]} 9. Bc4 {[%emt 0:00:08]} Nf6 {[%emt 0:00:10]} 10. O-O {[%emt 0:00:25]} Bd6 {[%emt 0:00:28]} 11. c3 {[%emt 0:02:37]} O-O {[%emt 0:00:28]} 12. Re1 {[%emt 0:07:43]} Nbd7 {[%emt 0:05:18]} 13. Nxe6 {[%emt 0:05:48]} fxe6 {[%emt 0:23:19]} 14. Rxe6 {[%emt 0:00:10]} Bxg3 {[%emt 0:00:04]} 15. Rxf6+ {[%emt 0:04:57]} Kh8 {[%emt 0:00:10]} 16. Rxf8+ {[%emt 0:00:08]} Qxf8 {[%emt 0:00:11]} 17. fxg3 {[%emt 0:00:07]} Nf6 {[%emt 0:00:10]} 18. Bf4 {[%emt 0:03:47]} Re8 {[%emt 0:01:27]} 19. Bd3 {[%emt 0:03:40]} Nd5 {[%emt 0:20:33]} 20. Bxh7 {[%emt 0:07:26]} Nxf4 {[%emt 0:00:08]} 21. Bc2 {[%emt 0:04:36]} Ne2+ {[%emt 0:02:53]} 22. Kh2 {[%emt 0:00:04]} Re3 {[%emt 0:00:19]} 23. Qf1 {[%emt 0:16:16]} Qd6 {[%emt 0:03:30]} 24. Qf2 {[%emt 0:05:55]} Nxg3 {[%emt 0:00:13]} 25. Re1 {[%emt 0:02:36]} Nf1+ {[%emt 0:04:17]} 26. Kg1 {[%emt 0:00:16]} Qh2+ {[%emt 0:33:04]} 0-1

[Event "Colombia Tierra de Atletas-B 2020"]
[Site "Medellin"]
[Date "2020.12.13"]
[Round "5.3"]
[White "Escobar Medina, Andres F"]
[Black "Brizuela Abreu, Ronald Jesus"]
[Result "1/2-1/2"]
[WhiteElo "2249"]
[BlackElo "2361"]
[Annotator "TA"]
[PlyCount "106"]
[EventDate "2020.12.10"]
[EventType "tourn"]
[EventCountry "COL"]
[SourceTitle "playchess.com"]
[Source "ChessBase"]
[SourceQuality "1"]

{[%evp 13,106,25,38,35,38,26,30,28,26,28,26,31,49,12,49,25,55,57,104,41,69,22,17,17,17,26,27,33,56,31,69,66,100,42,43,18,21,24,39,31,86,0,0,-8,-16,-20,-13,-79,0,0,76,-47,-39,-14,-33,-54,-57,-56,0,0,0,0,0,0,0,0,0,0,0,0,0,0,0,0,0,0,0,0,0,0,0,0,0,0,0,0,0,0,0,0,0,0,0,0,29999]} 1. e4 e6 2. d4 d5 3. Nd2 Nf6 4. e5 Nfd7 5. Bd3 c5 6. c3 Nc6 7. Ne2 a5 8. f4 {C06: French Tarrasch: 3...Nf6 4 e5 Nfd7 5 Bd3 main lines.} a4 9. a3 cxd4 10. cxd4 {White has an edge.} Nb6 11. O-O g6 12. Nf3 Bd7 13. Bd2 h5 {[#]} 14. Qc2 $146 ({Predecessor:} 14. h3 h4 15. Qe1 Be7 16. Kh2 Nc4 17. Bxc4 dxc4 18. Nc3 Ra5 19. Be3 Rd5 20. f5 gxf5 21. Nxd5 exd5 {0-1 (54) Rosen,E (2179)-Guo,A (2121) ICC INT 2010}) 14... Rg8 15. Ng5 Be7 16. Rac1 ({Better is} 16. Rf3 $16) 16... Rg7 17. h3 Na5 18. Bxa5 Rxa5 19. Qd2 Ra8 20. Rc2 Bc6 21. Nc3 Qd7 22. Qe2 Rd8 23. Nf3 ({White should try} 23. Nb5 $16) 23... Rg8 24. g4 hxg4 25. hxg4 Rh8 26. Rf2 Qc8 (26... Qc7 $14) 27. Rh2 (27. Ng5 $16) 27... Kd7 $11 28. f5 gxf5 29. gxf5 Rdg8+ 30. Kh1 (30. Kf1 $11 {was the only way to keep the balance.}) 30... Nc4 ({Black should play} 30... Rxh2+ $17 31. Nxh2 Qf8) 31. f6 Bd8 {[#]} (31... Rxh2+ $11 {keeps the balance.} 32. Nxh2 Bf8) 32. Bh7 (32. Nxd5 $1 $16 b5 33. Nb4 (33. Bxc4 bxc4 34. Nb4 Rxh2+ 35. Kxh2 Ba8 $11)) 32... Rg4 $15 33. Qd3 Ba5 34. Rcg2 Rxg2 35. Rxg2 {And now Ng5 would win.} Bxc3 (35... Qf8 $15 36. Rh2 b5) 36. bxc3 $11 {[#] Ng5 is the strong threat.The position is equal.} Qf8 37. Rg7 $1 {Strongly threatening Ng5.} Kc8 ({Wrong is} 37... Nxa3 $2 38. Ng5 $18) 38. Ng5 $1 {[%cal Rg5f7]} Be8 ({Avoid the trap} 38... Nxa3 $2 39. Nxf7 Be8 40. Nxh8 $18) 39. Qb1 Qxa3 40. Nxf7 Bxf7 41. Rxf7 b6 42. Qg1 Qxc3 43. Qg7 {[%cal Rg7h8]} Qe1+ 44. Kg2 {[%cal Rg7h8]} Qe2+ 45. Kh3 {[%cal Rg7h8]} Qd3+ 46. Kh2 {[%cal Rg7h8]} Qe2+ 47. Kh3 {[%cal Rg7h8]} Qe3+ 48. Kh2 {[%cal Rg7h8]} Qf4+ 49. Kh1 {[%cal Rg7h8]} Qf1+ 50. Kh2 {[%cal Rg7h8]} Qe2+ 51. Kh3 {[%cal Rg7h8]} Qe3+ 52. Kh2 {[%cal Rg7h8]} Qe2+ 53. Kh3 {[%cal Rg7h8]} Kb8 $2 {[%mdl 40960] Weighted Error Value: White=0.15/Black=0.13. An unexpected result.} (53... Qf3+ $11 54. Kh4 Qh1+ 55. Kg5 Qg2+ 56. Kh4 Qh2+ 57. Kg4 Qg1+ 58. Kh5 Qh2+ 59. Kg4 Qg2+ 60. Kh4 Qh1+ 61. Kg5 Qg2+ 62. Kh4) 1/2-1/2

[Event "Colombia Tierra de Atletas-B 2020"]
[Site "Medellin"]
[Date "2020.12.13"]
[Round "5.4"]
[White "Mateus, Alejandro"]
[Black "Soto, Miguel Angel"]
[Result "1/2-1/2"]
[WhiteElo "2353"]
[BlackElo "2273"]
[Annotator "TA"]
[PlyCount "93"]
[EventDate "2020.12.10"]
[EventType "tourn"]
[EventCountry "COL"]
[SourceTitle "playchess.com"]
[Source "ChessBase"]
[SourceQuality "1"]

{[%evp 23,93,66,59,59,66,74,72,55,68,83,148,104,112,107,211,224,193,214,214,210,212,197,186,147,175,160,172,155,196,138,174,177,156,125,225,181,187,188,169,169,206,188,423,405,506,485,439,170,165,81,256,231,203,191,675,622,583,117,123,0,548,0,0,0,88,-22,0,0,0,0,0,0]} 1. e4 c5 2. Nf3 d6 3. d4 cxd4 4. Nxd4 Nf6 5. Nc3 g6 6. Be3 Bg7 7. f3 O-O 8. Qd2 Nc6 9. g4 Nxd4 10. Bxd4 Be6 11. h4 {11.0-0-0 is not played anymore.} Qa5 12. h5 Rfc8 13. a3 {[%cal Ba2a3,Ba3b4][%mdl 32] B76: Sicilian Dragon: Yugoslav Attack, 9 g4 and 9 0-0-0.} b5 14. h6 Bh8 15. g5 {And now b4 would win.White is better.} b4 16. Na2 {[#]} Bxa2 $146 (16... Nxe4 $142 17. fxe4 Rxc2 18. Qxc2 Bxd4 19. Nxb4 Qxg5) ({Predecessor:} 16... Nd7 17. axb4 Qc7 18. Nc3 Ne5 19. Be2 Nc4 20. Bxc4 Qxc4 21. Bxh8 Kxh8 22. Ra4 Bd7 {1-0 (49) Kupreichik,V (2485)-Starostits,I (2398) Bled 2002}) 17. gxf6 (17. Rxa2 $2 Nxe4 $1 {[%mdl 512]} 18. fxe4 Rxc2 $19) 17... e5 18. axb4 (18. Rxa2 exd4 19. Bd3 Rab8 $15) 18... Qd8 (18... Qc7 $16) 19. Bxe5 $1 $18 (19. Rxa2 exd4 20. Bd3 (20. Qxd4 Rxc2 21. e5 Qc8 $17) 20... Qxf6 $14) 19... dxe5 20. Qxd8+ (20. Rxa2 Qxf6 21. Bd3 Qxf3 $14) 20... Rxd8 21. Rxa2 Bxf6 22. Bc4 $1 Rac8 23. b3 Rc7 24. Ke2 Bg5 25. c3 Kf8 26. Rc2 (26. Rha1 $18) 26... Ke7 27. Bd5 Rb8 28. Kd3 f5 (28... Kd8 $16 29. Rg2 Be7 30. Bxf7 Bxb4) 29. Ra2 fxe4+ 30. fxe4 (30. Bxe4 Rd8+ 31. Ke2 Rxc3 $11) 30... Rf8 {and if ...Rf3+ works, Black does fine.} 31. Rh3 $1 Rf6 32. c4 $1 Bf4 $2 (32... Rf1 {was worth a try.} 33. Ke2 Rb1) 33. Rh1 g5 34. Rha1 Rxh6 35. Rxa7 $2 (35. c5 a6 36. Rxa6 Rxa6 37. Rxa6) 35... Rh3+ 36. Ke2 (36. Kc2 $1 $18 Rh2+ 37. Kd3 Rh3+ 38. Ke2 Rxa7 39. Rxa7+ Kf6 40. c5 Re3+ 41. Kd2 Rxe4+ 42. Kc3) 36... Rxa7 $2 (36... Re3+ $16 37. Kf1 Rxa7 38. Rxa7+ Kf6) 37. Rxa7+ $16 {[%mdl 4096] Endgame KRB-KRB} Kf6 38. c5 g4 $2 (38... Re3+ 39. Kf1 Rf3+ 40. Ke2 Re3+ 41. Kf1 Rf3+ 42. Kg2 Rg3+ 43. Kf1 Rf3+) 39. c6 Re3+ 40. Kf1 $2 (40. Kd2 $1 $18 {is the precise move to win.} Rxe4+ 41. Kd1 Rd4+ {[%mdl 64] Double Attack} 42. Kc2) 40... Rf3+ 41. Ke2 $2 {[%mdl 8192]} (41. Ke1 $16 g3 42. Ra2 (42. Rxh7 {is a self mate.} g2 43. Ke2 g1=Q 44. Rf7+ Kg6 45. Rg7+ Kxg7 46. Kxf3 Qf1+ 47. Kg4 Qg2+ 48. Kh4 Qg5+ 49. Kh3 Qg3#)) 41... Re3+ $18 {[#]} 42. Kd1 $2 ({White has to play} 42. Kd2 $1 $18 Rxe4+ 43. Kd1 Rd4+ {[%mdl 64] Double Attack} 44. Kc2) 42... g3 $11 {( -> ...g2)} 43. Ra2 $1 {aiming for c7.} (43. Rxh7 {gets mated.} g2 44. Rf7+ Kg6 45. Rxf4 g1=Q+ 46. Kc2 Qh2+ 47. Kd1 Qxf4 48. Be6 Qf1+ 49. Kd2 Qf2+ 50. Kd1 Re1#) 43... Ke7 {[#]} (43... Rc3 $11 44. Ke2 h5) 44. Rc2 (44. b5 $1 $16 {[%cal Rb5b6]} Rc3 45. Rg2 Rc1+ 46. Ke2 Rc2+ 47. Kf3 Rxg2 48. Kxg2) 44... Rd3+ {The position is equal.} 45. Ke1 {Strongly threatening c7.} Rd2 $1 {[%cal Rd2c2]} 46. Rxd2 Bxd2+ 47. Kf1 {Weighted Error Value: White=0.63/Black=0.45} ({Avoid the trap} 47. Kxd2 $2 g2 $19) 1/2-1/2

[Event "Colombia Tierra de Atletas-B 2020"]
[Site "Medellin"]
[Date "2020.12.13"]
[Round "5.5"]
[White "Palencia Morales, Wilson Guillermo"]
[Black "Morales, Jhon Alexander"]
[Result "1-0"]
[WhiteElo "2340"]
[BlackElo "2400"]
[Annotator "TA"]
[PlyCount "111"]
[EventDate "2020.12.10"]
[EventType "tourn"]
[EventCountry "COL"]
[SourceTitle "playchess.com"]
[Source "ChessBase"]
[SourceQuality "1"]

{[%evp 15,111,40,56,48,75,71,78,79,83,-15,-4,-12,13,-58,-53,-33,-6,-36,-30,-29,-10,-122,-113,-110,-113,-106,-106,-123,-129,-103,-87,-86,-86,-127,-114,-116,-125,-115,-107,-99,-10,-10,0,0,0,-58,-29,-195,0,-7,0,-105,-107,-206,-10,-8,-14,-16,-10,-25,0,0,0,0,0,0,3,1,2,0,0,0,0,0,71,55,138,91,116,36,38,31,34,19,33,0,173,0,150,142,1540,1248,860,444,12850,29982,29982,29983]} 1. e4 {Mekhitarian,K} c5 2. Nf3 Nc6 3. d4 cxd4 4. Nxd4 Qb6 5. Nb3 Nf6 6. Nc3 e6 7. Be3 Qc7 8. a3 d6 9. g4 {B33: Sicilian: Pelikan and Sveshnikov Variations.} a6 10. g5 Nd7 11. f4 {White is better.} b5 {[%cal Bb7b5,Bb5b4][%mdl 32] [#]} 12. a4 $146 ({Better is} 12. h4 $16) ({Predecessor:} 12. h4 Bb7 13. h5 Nb6 14. Qf3 b4 15. Qf2 bxc3 16. Bxb6 Qc8 17. bxc3 Be7 18. O-O-O {1-0 (41) Bogner,S (2599)-Naiditsch,A (2702) Douglas 2017 CBM 181 [Mekhitarian,K]}) 12... b4 $11 13. Ne2 Bb7 14. Ng3 (14. Bg2 $11) 14... g6 $1 $15 15. Qd2 Nc5 16. Nxc5 dxc5 17. Bg2 Na5 18. O-O (18. Qe2 $11) 18... Nc4 $17 19. Qe2 Nxe3 20. Qxe3 c4 21. Qe2 h6 22. e5 Bc5+ 23. Kh1 hxg5 24. Bxb7 Qxb7+ 25. Ne4 O-O-O $1 26. Qg2 Be7 27. fxg5 Rd4 ({Black should try} 27... Rh7 $17 {aiming for ...Rdh8.} 28. Rae1 Kb8) 28. Rf4 $1 $11 Kb8 {Threatens to win with ...Bxg5!} 29. c3 Rd5 30. cxb4 (30. Rxf7 $11 Rxe5 31. Re1) 30... Bxb4 31. Rg4 $2 (31. Nd6 $11 Bxd6 32. exd6) 31... Ka8 $2 (31... Rhd8 $19 {White must now prevent ...Rd1+.} 32. Rf1 Rxe5) 32. Rf1 Rhd8 33. Qf3 (33. Nc3 $11 Rxe5 34. Qxb7+ Kxb7 35. Rxc4 Bxc3 36. bxc3) 33... Rxe5 $17 34. Qxf7 (34. Ng3 $17 {was the only defense.}) 34... Qxf7 $2 (34... Rd7 $19 35. Qf3 (35. Qxg6 $2 Rg7 $19) 35... Rd4) 35. Rxf7 $11 Rd4 36. Rh4 {Rh8+ would kill now.} Ba5 37. Rh8+ Rd8 38. Rxd8+ Bxd8 {[%mdl 4096] Endgame KRB-KRN} 39. Nd6 {Hoping for Rf8.} Bxg5 40. Nxc4 Re4 41. b3 Kb8 42. Rg7 Bf4 43. Rxg6 Re2 44. h4 e5 (44... Rh2+ $11 {remains equal.} 45. Kg1 Rxh4) 45. Rxa6 Rc2 (45... Rh2+ $14 46. Kg1 Rxh4) 46. Re6 Rc3 47. Nxe5 (47. Re8+ $16 Kc7 48. a5 (48. Nxe5 Rxb3 49. Nc4 Rh3+ {[%mdl 64] Double Attack} 50. Kg2 Rxh4 $11)) 47... Rxb3 $14 48. Ng6 Rb4 49. a5 {[%cal Ba4a5,Ba5a6][%mdl 32] Strongly threatening Rb6+.} Bc7 50. a6 {Kg2 is the strong threat.} Rb2 $2 {[#]} (50... Bg3 $11 {and Black is okay.}) 51. Kg1 $2 ({White must play} 51. Ne5 $1 $18 {[%cal Re5c6]} Rb1+ 52. Kg2 Bxe5 53. Rxe5) 51... Ra2 {[#]} (51... Bh2+ $11 52. Kf1 Bg3) 52. Ne7 $1 $16 {And now h5 would win.} Ra4 $2 {[%mdl 8192]} (52... Bh2+ $16 53. Kf1 Kc7 54. Nd5+ Kd7) 53. h5 $18 Ka7 54. h6 Rxa6 (54... Rh4 $142 55. Nd5 Ba5) 55. Rxa6+ Kxa6 56. Nc6 {Weighted Error Value: White=0.38/Black=0.41} 1-0

[Event "Colombia Tierra de Atletas-B 2020"]
[Site "Medellin"]
[Date "2020.12.14"]
[Round "6.1"]
[White "Morales, Jhon Alexander"]
[Black "Malka, Samuel"]
[Result "1/2-1/2"]
[WhiteElo "2400"]
[BlackElo "2203"]
[Annotator "TA"]
[PlyCount "38"]
[EventDate "2020.12.10"]
[EventType "tourn"]
[EventCountry "COL"]
[SourceTitle "playchess.com"]
[Source "ChessBase"]
[SourceQuality "1"]

{[%evp 19,38,21,12,13,20,20,6,0,0,0,0,0,0,0,0,0,0,0,0,0,0]} 1. e4 c5 2. Nf3 d6 3. d4 cxd4 4. Nxd4 Nf6 5. f3 e5 6. Bb5+ Nbd7 7. Nf5 d5 8. exd5 a6 9. Bxd7+ Qxd7 10. Ne3 b5 {The position is equal.} 11. Nc3 {B55: Sicilian: 2...d6 3 d4 cxd4 4 Nxd4 Nf6 5 f3.} Bb7 12. a3 Rd8 {[#]} 13. Qd3 $146 ({Predecessor:} 13. O-O Nxd5 14. Nexd5 Bxd5 15. Be3 {½-½ (15) Supancic,D (2375)-Buzeti,J (2270) Ljubljana 2012}) 13... Nxd5 14. Nexd5 Bxd5 15. Nxd5 Qxd5 16. Qxd5 Rxd5 17. Bd2 Bc5 18. Ke2 Ke7 19. Rhd1 Ke6 {A rather calm draw.  Weighted Error Value: White=0.01/Black=0.00} 1/2-1/2

[Event "Colombia Tierra de Atletas-B 2020"]
[Site "Medellin"]
[Date "2020.12.14"]
[Round "6.3"]
[White "Brizuela Abreu, Ronald Jesus"]
[Black "Mateus, Alejandro"]
[Result "1-0"]
[WhiteElo "2361"]
[BlackElo "2353"]
[Annotator "TA"]
[PlyCount "60"]
[EventDate "2020.12.10"]
[EventType "tourn"]
[EventCountry "COL"]
[SourceTitle "playchess.com"]
[Source "ChessBase"]
[SourceQuality "1"]

{[%evp 9,60,-4,0,-22,-19,-25,-22,-20,-21,-25,-17,-18,0,-18,-25,-7,-9,-34,-5,-26,-27,-27,-24,-11,-13,-26,-20,-22,-34,-36,20,16,12,17,22,0,16,0,0,-22,-18,-27,-12,-41,-32,-65,-35,-51,-25,-40,112,118,118]} 1. d4 Nf6 2. c4 e6 3. Nc3 Bb4 4. e3 O-O 5. Nge2 Re8 6. g3 {E46: Nimzo-Indian: Rubinstein: 4 e3 0-0 5 Ne2 without early Bd3.} d5 7. a3 Bf8 8. cxd5 {The position is equal.} exd5 9. Bg2 a5 10. O-O Na6 11. Nf4 {[%cal Rf4d5]} c6 $1 12. f3 Nc7 {[#]} 13. Nd3 $146 ({Predecessor:} 13. g4 h6 14. Nd3 Ne6 15. f4 c5 16. Ne5 Qb6 17. Nxd5 Nxd5 18. Bxd5 cxd4 19. e4 {1-0 (44) Bernadskiy,V (2511)-Zhai,M (2329) Golden Sands 2015}) 13... g6 14. Kh1 Bg7 15. Re1 Bf5 16. Nf2 h5 17. Bd2 b6 18. Na4 Nb5 19. Rc1 Qc7 ({Better is} 19... Rc8 $15) 20. Qb3 $11 Qb7 21. Bf1 Bd7 22. Nd3 Nh7 23. Bg2 Rab8 24. Qd1 Nd6 25. b3 Nb5 26. Ra1 Bf5 27. Bf1 ({But not} 27. e4 $2 dxe4 28. fxe4 Bg4 $19) 27... Ng5 {[#] Threatens to win with ...Nxf3!} 28. Nf2 $1 Qd7 29. Ra2 Nh3 $2 (29... Be6 $15 {keeps the upper hand.}) 30. Bxh3 $16 Bxh3 {Weighted Error Value: White=0.07/Black=0.21} 1-0

[Event "Colombia Tierra de Atletas-B 2020"]
[Site "Medellin"]
[Date "2020.12.14"]
[Round "6.4"]
[White "Hernandez Sanchez, Jairo Andres"]
[Black "Escobar Medina, Andres F"]
[Result "1/2-1/2"]
[WhiteElo "2394"]
[BlackElo "2249"]
[Annotator "TA"]
[PlyCount "61"]
[EventDate "2020.12.10"]
[EventType "tourn"]
[EventCountry "COL"]
[SourceTitle "playchess.com"]
[Source "ChessBase"]
[SourceQuality "1"]

{[%evp 21,61,-25,-12,-8,-14,-32,0,0,0,-12,0,0,0,0,0,0,21,21,14,17,31,29,63,60,60,31,39,27,27,22,48,22,75,40,50,20,17,0,2,2,7,-10]} 1. e4 c6 2. d4 d5 3. Nd2 dxe4 4. Nxe4 Bf5 5. Ng3 Bg6 6. h4 h6 7. Nh3 Nf6 8. Nf4 Bh7 9. Bc4 e6 10. O-O Bd6 11. Re1 O-O 12. c3 {B18: Classical Caro-Kann: 4...Bf5 sidelines.} Re8 13. Bd3 Bxd3 14. Nxd3 Nbd7 15. Qf3 Qc7 {[#]} 16. Ne4 $146 ({Predecessor:} 16. Bf4 Bxf4 17. Nxf4 e5 18. Nd3 exd4 19. cxd4 Nd5 20. Nf5 Kh7 21. Rac1 N7f6 22. Ne5 {½-½ (39) Agulnick,M (2127)-Weiss,L (2021) USA 2000}) 16... Nxe4 17. Rxe4 Nf6 18. Re2 Nd7 19. Bf4 Bxf4 20. Nxf4 Nf6 21. Nd3 b6 22. g4 Qe7 23. Ne5 Nd7 24. Nxc6 Qxh4 25. Rae1 Nf6 26. Ne5 (26. Ne7+ {looks sharper.} Kf8 27. Rxe6 Qxg4+ 28. Qxg4 Nxg4 29. R6e2) 26... h5 (26... Rf8 $11) 27. gxh5 Qxh5 28. Qxh5 Nxh5 {The position is equal.} 29. Nd3 Red8 30. Kg2 Nf6 31. Kg1 {Weighted Error Value: White=0.10/Black=0.13} 1/2-1/2

[Event "Colombia Tierra de Atletas-B 2020"]
[Site "Medellin"]
[Date "2020.12.14"]
[Round "6.5"]
[White "Argote Heredia, Valentina"]
[Black "Pazos Gambarrotti, Plinio"]
[Result "1-0"]
[WhiteElo "2150"]
[BlackElo "2109"]
[Annotator "TA"]
[PlyCount "93"]
[EventDate "2020.12.10"]
[EventType "tourn"]
[EventCountry "COL"]
[SourceTitle "playchess.com"]
[Source "ChessBase"]
[SourceQuality "1"]

{[%evp 14,93,23,40,33,10,34,39,42,37,53,26,18,20,18,0,117,60,103,47,48,41,50,22,54,-6,83,77,132,92,170,176,235,192,218,198,209,203,199,209,310,177,178,127,515,481,482,411,429,420,414,410,519,510,453,269,266,268,477,466,469,455,563,566,1749,1375,29988,29989,29984,2592,1234,762,29992,29985,29985,29986,29986,29987,29984,1002,29994,29995]} 1. e4 c6 2. d4 d5 3. Nc3 dxe4 4. Nxe4 Nf6 5. Nxf6+ exf6 6. c3 Bd6 7. Bd3 O-O 8. Qc2 Re8+ {B15: Caro-Kann: 3 Nc3: 3...g6 and 3...dxe4 4 Nxe4 Nf6 5 Nxf6+ exf6.} 9. Ne2 h5 {9...h5 is better than 9...h6.} (9... f5 $5) 10. O-O Qc7 {White is slightly better.} 11. h3 Nd7 12. Be3 Nf8 13. Rae1 g6 14. c4 {[#]} h4 $146 (14... f5 $11 {keeps the balance.}) ({Predecessor:} 14... b6 15. c5 bxc5 16. dxc5 Be5 17. f4 Bxb2 18. Bf2 Rd8 19. Bc4 Rb8 20. Bb3 Ba3 {0-1 (35) Salim,M (1926)-Ammar,S (2274) Chess.com INT 2020}) 15. Nc3 (15. c5 $16 Bh2+ 16. Kh1) 15... Be6 16. Ne4 (16. d5 $16 {And now Ne4 would win.} Bd7 17. Ne4) 16... Be7 $1 $14 17. Qd2 $36 {[%mdl 2048] White fights for an advantage.} f5 18. Nc3 Rad8 19. Rd1 (19. Rc1 $14) 19... Bc8 (19... Bf6 $11) 20. d5 $16 Nd7 (20... Bd6 $142) 21. Be2 {aiming for d6.} ({Weaker is} 21. Bxa7 b6 $17) 21... Nc5 (21... Bf6 $16) 22. Bf3 $1 $18 a5 (22... Bd6 $142 23. b4 Ne6) 23. Bd4 f4 24. Bxc5 Bxc5 25. Ne4 Rxe4 26. Bxe4 Qe5 (26... Bf8 $142 27. a3 cxd5 28. Bxd5 Kh7) 27. Bf3 (27. Qxa5 $142 b6 28. Qe1) 27... b6 28. Qe2 (28. Qe1 $18 Qxe1 29. Rfxe1 cxd5 30. Rxd5) 28... Qg5 $2 {[%mdl 8192] This move loses the game for Black.} (28... Qxe2 $16 {is a better chance.} 29. Bxe2 cxd5) 29. dxc6 Rf8 30. Rd5 Qf6 31. Qe5 Qxc6 {[#]} 32. Rd8 $3 {[%mdl 512]} Qa4 (32... Rxd8 33. Bxc6) 33. Rxf8+ Bxf8 34. Qxf4 (34. Rd1 $142 Be6 35. Rd8) 34... Be6 35. Rd1 Be7 $2 (35... Qxc4 36. Qxc4 Bxc4) 36. Qb8+ Kg7 37. Qxb6 Qxa2 38. Bd5 Bf5 39. Qb7 Bb4 40. Qxf7+ Kh6 {[#]} 41. c5 $1 Qxb2 (41... Bxc5 42. Bxa2) 42. Qf8+ Kg5 43. Qe7+ Kh6 44. Qxh4+ Kg7 45. Qe7+ Kh6 46. Qf8+ (46. g4 $142 Bxc5 47. Qxc5 Qe5 48. gxf5 gxf5 49. Qb6+ Kg7 50. Kh1 Kh7 51. Qd8) 46... Kg5 {[#]} 47. h4+ $1 {Weighted Error Value: White=0.28/Black=0.83} 1-0

[Event "Colombia Tierra de Atletas-B 2020"]
[Site "Medellin"]
[Date "2020.12.15"]
[Round "7.1"]
[White "Pazos Gambarrotti, Plinio"]
[Black "Heredia Serrano, Carla"]
[Result "0-1"]
[WhiteElo "2109"]
[BlackElo "2114"]
[Annotator "ChessBase"]
[PlyCount "84"]
[EventDate "2020.12.10"]
[EventType "tourn"]
[EventCountry "COL"]
[SourceTitle "playchess.com"]
[Source "ChessBase"]
[SourceQuality "1"]
[TimeControl "40/5400+30:1800+30"]

1. Nf3 {[%emt 0:05:36]} d5 {[%emt 0:00:00]} 2. c4 {[%emt 0:00:15]} c6 {[%emt 0:00:15]} 3. e3 {[%emt 0:01:47]} Nf6 {[%emt 0:00:47]} 4. Nc3 {[%emt 1:24:22]} a6 {[%emt 0:13:44]} 5. d4 {[%emt 0:00:30]} b5 {[%emt 0:00:46]} 6. cxd5 {[%emt 0:00:00]} cxd5 {[%emt 0:00:06]} 7. Bd3 {[%emt 0:00:00]} Bb7 {[%emt 0:01:02]} 8. O-O {[%emt 0:00:00]} Nbd7 {[%emt 0:04:13]} 9. Ne5 e6 {[%emt 0:00:00]} 10. Bd2 {[%emt 0:02:30]} Be7 {[%emt 1:14:07]} 11. f4 {[%emt 0:00:00]} O-O {[%emt 0:00:00]} 12. Rf3 {[%emt 0:00:00]} Ne4 {[%emt 0:00:00]} 13. a3 {[%emt 0:00:00]} f5 {[%emt 0:00:00]} 14. Rh3 {[%emt 0:00:00]} Rc8 {[%emt 0:00:00]} 15. Qe2 {[%emt 0:00:00]} Ndf6 {[%emt 0:00:00]} 16. Kh1 {[%emt 0:00:00]} Bd6 {[%emt 0:00:00]} 17. Be1 {[%emt 0:00:00]} Qe8 {[%emt 0:00:00]} 18. Na2 {[%emt 0:00:00]} Nd7 {[%emt 0:00:00]} 19. Bb4 {[%emt 0:00:00]} Bxb4 {[%emt 0:00:00]} 20. Nxb4 {[%emt 0:00:00]} Nb6 {[%emt 0:00:00]} 21. Rg1 {[%emt 0:00:00]} a5 {[%emt 0:00:00]} 22. Nc2 {[%emt 0:00:00]} Nc4 {[%emt 0:00:00]} 23. Ne1 {[%emt 0:00:00]} Nxe5 {[%emt 0:01:28]} 24. dxe5 {[%emt 0:00:00]} d4 {[%emt 0:03:35]} 25. exd4 {[%emt 0:00:00]} Rc1 {[%emt 0:00:51]} 26. Rf3 {[%emt 0:00:00]} b4 {[%emt 0:00:32]} 27. axb4 {[%emt 0:00:00]} axb4 {[%emt 0:00:00]} 28. Nc2 {[%emt 0:00:00]} Rxg1+ {[%emt 0:00:08]} 29. Kxg1 {[%emt 0:00:00]} Qa4 {[%emt 0:01:25]} 30. Bc4 {[%emt 0:00:00]} Bd5 {[%emt 0:00:38]} 31. Ne3 {[%emt 0:00:00]} Bxc4 {[%emt 0:00:12]} 32. Qxc4 {[%emt 0:00:00]} Re8 {[%emt 0:01:24]} 33. Nf1 {[%emt 0:00:00]} h6 {[%emt 0:00:33]} 34. Rb3 {[%emt 0:00:00]} Qa1 {[%emt 0:00:25]} 35. Rxb4 {[%emt 0:00:00]} Qe1 {[%emt 0:00:28]} 36. d5 {[%emt 0:00:00]} Nd2 {[%emt 0:00:40]} 37. Qb5 {[%emt 0:00:00]} Nxf1 {[%emt 0:00:29]} 38. Qxe8+ {[%emt 0:00:00]} Kh7 {[%emt 0:00:01]} 39. h3 {[%emt 0:00:00]} Nd2+ {[%emt 0:00:42]} 40. Kh2 {[%emt 0:00:00]} Nf1+ {[%emt 0:00:00]} 41. Kg1 {[%emt 0:00:00]} Ne3+ {[%emt 0:00:35]} 42. Kh2 {[%emt 0:00:00]} Qf2 {[%emt 0:04:39]} 0-1